000 00346nam a22001457a 4500
008 240806b |||||||| |||| 00| 0 eng d
020 _a9780745663654
082 _a303.48
100 _aRettberg, Jill Walker
245 _aBlogging
250 _a2nd ed.
260 _aUSA;
_bPolity Press
_c2014
300 _avii, 195 p.;
_c21Cm.
942 _2ddc
999 _c9951
_d9952